000 00635cam a22002051i 4500
003 Nust
005 20170216102422.0
008 170216b xxu||||| |||| 00| 0 eng d
020 _a0394470869
040 _cNust-MCE
082 _a330.954/04
_bMYR
_cMCE, L-27, p-75
100 1 _aMyrdal, Gunnar,
245 1 0 _aAsian drama; an inquiry into the poverty of nations
_c[by] Gunnar Myrdal. An abridgment by Seth S. King of the Twentieth Century Fund study.
250 _a[1st ed.].
260 _aNew York,
_bPantheon Books
_c[1972, c1971]
300 _axi, 464 p.
_bmap.
_c22 cm.
650 _aMCE
700 1 _aKing, Seth S.
942 _cBK
999 _c220037
_d220037